Stuart Woods' Smolder : Stone Barrington / by Brett Battles.
Finally enjoying some downtime in Santa Fe, Stone Barrington agrees to attend an art exhibit with a dear friend. There, he encounters an intriguing woman who is on the trail of a ring of art thieves. Always one to please, Stone offers his help. From Santa Fe to Los Angeles, it quickly becomes clear that her investigation has links to Stone-particularly to rare Matilda Stone art, his mother's paintings. And when old grudges come to light, Stone is forced to reckon with a familiar enemy. Stone must act fast before whoever is out to get him finally closes in on him...for good.
Record details
- ISBN: 9780593672334
- ISBN: 059367233X
- Physical Description: 7 audio discs (8 hr., 30 min.) : digital, CD audio ; 4 3/4 in.
- Edition: Unabridged
- Publisher: New York, NY : Penguin Audio, 2024.
Content descriptions
| Participant or Performer Note: | Read by Tony Roberts. |
Search for related items by subject
| Genre: | Audiobooks. Thrillers (Fiction) Action and adventure fiction. Novels. Detective and mystery fiction. |
Search for related items by series
Available copies
- 2 of 2 copies available at scottsboropl.
Holds
- 0 current holds with 2 total copies.
Other Formats and Editions
Show Only Available Copies
| Location | Call Number / Copy Notes | Barcode | Shelving Location | Status | Due Date |
|---|---|---|---|---|---|
| scottsboropl | BK/CD Woo | 32269001254211 | Adult - Audiobook | Available | - |
| scottsboropl | BK/CD Woo | 32269001295545 | Storage - Adult | Available | - |
| LDR | 03756cim a2200805 i 4500 | ||
|---|---|---|---|
| 001 | 163629 | ||
| 003 | SBPL | ||
| 005 | 20240708103340.0 | ||
| 008 | 240208s2024 nyunnnne f n eng d | ||
| 007 | sd fsngnnmmned | ||
| 020 | . | ‡a9780593672334 | |
| 020 | . | ‡a059367233X | |
| 028 | 0 | 2. | ‡aPRHA 13414 ‡bPenguin Audio |
| 035 | . | ‡a(OCoLC)1428822265 | |
| 050 | 4. | ‡aPS3602.A923 ‡bS78 2024ab | |
| 082 | 0 | 4. | ‡a813/.6 ‡223 |
| 100 | 0 | . | ‡aWoods, Stuart 1-6-1938--- 7-22-2022,: ‡eauthor. |
| 100 | 1 | . | ‡aBattles, Brett,: ‡eauthor. |
| 245 | 1 | 0. | ‡aStuart Woods' Smolder : ‡b Stone Barrington / ‡cby Brett Battles. |
| 246 | 3 | 0. | ‡aSmolder |
| 250 | . | ‡aUnabridged | |
| 264 | 1. | ‡aNew York, NY : ‡bPenguin Audio, ‡c2024. | |
| 300 | . | ‡a7 audio discs (8 hr., 30 min.) : ‡bdigital, CD audio ; ‡c4 3/4 in. | |
| 306 | . | ‡a083000 | |
| 336 | . | ‡aspoken word ‡bspw ‡2rdacontent | |
| 337 | . | ‡aaudio ‡bs ‡2rdamedia | |
| 338 | . | ‡aaudio disc ‡bsd ‡2rdacarrier | |
| 344 | . | ‡adigital ‡boptical ‡2rda | |
| 347 | . | ‡aaudio file ‡bCD audio | |
| 490 | 1 | . | ‡aA Stone Barrington Novel ; ‡vbk 65 |
| 511 | 1 | . | ‡aRead by Tony Roberts. |
| 520 | . | ‡aFinally enjoying some downtime in Santa Fe, Stone Barrington agrees to attend an art exhibit with a dear friend. There, he encounters an intriguing woman who is on the trail of a ring of art thieves. Always one to please, Stone offers his help. From Santa Fe to Los Angeles, it quickly becomes clear that her investigation has links to Stone-particularly to rare Matilda Stone art, his mother's paintings. And when old grudges come to light, Stone is forced to reckon with a familiar enemy. Stone must act fast before whoever is out to get him finally closes in on him...for good. | |
| 600 | 1 | 0. | ‡aBarrington, Stone ‡c(Fictitious character) ‡vFiction. |
| 650 | 0. | ‡aArt thefts ‡vFiction. | |
| 650 | 0. | ‡aSmugglers ‡vFiction. | |
| 650 | 0. | ‡aCriminal investigation ‡vFiction. | |
| 650 | 0. | ‡aMan-woman relationships ‡vFiction. | |
| 650 | 0. | ‡aPrivate investigators ‡vFiction. | |
| 650 | 0. | ‡aSecrecy ‡vFiction. | |
| 650 | 0. | ‡aArt thieves ‡vFiction. | |
| 651 | 0. | ‡aSanta Fe (N.M.) ‡vFiction. | |
| 655 | 7. | ‡aAudiobooks. ‡2lcgft | |
| 655 | 7. | ‡aThrillers (Fiction) ‡2lcgft | |
| 655 | 7. | ‡aAction and adventure fiction. ‡2lcgft | |
| 655 | 7. | ‡aNovels. ‡2lcgft | |
| 655 | 7. | ‡aDetective and mystery fiction. ‡2lcgft | |
| 700 | 1 | . | ‡aRoberts, Tony, ‡d1939-: ‡enarrator. |
| 700 | 1 | . | ‡aWoods, Stuart,: ‡ecreator. |
| 800 | 1 | . | ‡aWoods, Stuart. ‡tStone Barrington novel. ‡hSpoken word ; ‡vbk. 65. |
| 901 | . | ‡a163629 ‡bAUTOGEN ‡c163629 ‡tbiblio | |